000 00595nam a22001817a 4500
999 _c178410
_d178410
005 20210330122455.0
010 _aENG-129324
020 _c245.00
_a978-81-948200-6-2
035 _aEN-112856
037 _bDBAD/PUB
082 _a880
100 _aTaneja, Narendra
245 _aMy Thoughts, My Motherland: Quest for a Golden India/
_cNarendra Taneja
260 _aNew Delhi
_bVitasta Publishing Pvt. Ltd.(OPUS)
_c2021
270 _bNew Delhi
_a2/15, Ansari Roaad, Daryaganj
_e110002
_minfo@vitastapublishing.com
300 _a151p.
_c21cm(hbk)
942 _2ddc
_cEN
_h880
_mTAN